000 00264nam a22001217a 4500
082 _a823
_bALE/T
100 _aDUMAS, ALEXANDER
245 _aTHE THREE MUSKETEERS
260 _aCHENNAI
_bOXFORD
_c1997
300 _a150
650 _aENGLISH STORY
_zINDIA
942 _cBK
999 _c7270
_d7270